| 000 | 01063nam a22003497a 4500 | ||
|---|---|---|---|
| 001 | BR2020000455 | ||
| 003 | BR-BrBNA | ||
| 005 | 20230928105532.0 | ||
| 007 | ta | ||
| 008 | 230509b bl.||||| |||| 00| 0 por d | ||
| 040 |
_aBR-BrBNA _bpor _cBiblioteca Nacional de Agricultura |
||
| 041 | _a(Por) | ||
| 072 | _aE14; E71; D50 | ||
| 090 | _ E14 BR2020000455 | ||
| 110 | 1 | _aActionAid Brasil, Rio de Janeiro, RJ (Brasil) | |
| 245 | 1 | _aAgricultura, meio ambiente e acesso ao mercado internacional: para quê e para quem? | |
| 260 | 3 |
_aRio de Janeiro, RJ (Brasil): _c2002. |
|
| 300 | _a144 p. | ||
| 500 | _aIncludes several bibliographies; 1 illus.; 10 tables; 2 graphs | ||
| 650 | _aAGRICULTURA | ||
| 650 | _aMEIO AMBIENTE | ||
| 650 | _aMERCADO INTERNACIONAL | ||
| 650 | _aCOMÉRCIO EXTERIOR | ||
| 650 | _aAGRICULTURA FAMILIAR | ||
| 650 | _aDESENVOLVIMENTO SUSTENTÁVEL | ||
| 650 | _aALCA | ||
| 650 | _aMERCOSUL | ||
| 650 | _aPOLÍTICA GOVERNAMENTAL | ||
| 650 | _aPOLÍTICA COMERCIAL | ||
| 909 |
_a202309 _bLucia _c55 _dLucia Elande |
||
| 942 | _cBK | ||
| 999 |
_c85550 _d85550 |
||